| Tag |
First Indicator |
Second Indicator |
Subfields |
| LEADER |
00000cam a2200000 a 4500 |
| 001 |
in00000010773 |
| 005 |
20151007051438.0 |
| 008 |
860819s1987 enka b 00110 eng |
| 010 |
|
|
|a 86023218
|
| 020 |
|
|
|a 0632016035 (U.S. : pbk.)
|
| 020 |
|
|
|a 0632015926 (U.S. : hard)
|
| 035 |
|
|
|a (OCoLC)14215117
|
| 035 |
|
|
|9 AAA3000AM
|
| 040 |
|
|
|a DLC
|c DLC
|d m/c
|d OCL
|d TXA
|d UtOrBLW
|
| 049 |
|
|
|a TXAM
|c [A10755264]
|
| 050 |
0 |
0 |
|a QD95
|b .E29 1987
|
| 070 |
0 |
|
|a QD95.E29
|
| 082 |
0 |
|
|a 541.2/2
|2 19
|
| 100 |
1 |
|
|a Ebsworth, E. A. V.
|
| 245 |
1 |
0 |
|a Structural methods in inorganic chemistry /
|c E.A.V. Ebsworth, David W.H. Rankin, and Stephen Cradock.
|
| 264 |
|
1 |
|a Oxford [Oxfordshire] ;
|a Boston :
|b Blackwell Scientific Publications,
|c 1987.
|
| 300 |
|
|
|a xi, 456 pages :
|b illustrations ;
|c 25 cm.
|
| 336 |
|
|
|a text
|b txt
|2 rdacontent
|
| 337 |
|
|
|a unmediated
|b n
|2 rdamedia
|
| 338 |
|
|
|a volume
|b nc
|2 rdacarrier
|
| 504 |
|
|
|a Includes bibliographies and indexes.
|
| 650 |
|
0 |
|a Spectrum analysis.
|
| 650 |
|
0 |
|a Chemistry, Inorganic.
|
| 700 |
1 |
|
|a Rankin, David W. H.
|
| 700 |
1 |
|
|a Cradock, Stephen.
|
| 999 |
|
|
|a MARS
|
| 999 |
f |
f |
|s 6cc8e352-a65d-338d-8eb2-1203464714f8
|i 7da10ae7-2c24-36ea-8fac-cc671941a50a
|t 0
|
| 952 |
f |
f |
|p normal
|a Texas A&M University
|b College Station
|c Sterling C. Evans Library
|d Evans: Library Stacks
|t 0
|e QD95 .E29 1987
|h Library of Congress classification
|i unmediated -- volume
|m A14810755264
|
| 998 |
f |
f |
|a QD95 .E29 1987
|t 0
|l Evans: Library Stacks
|